<?xml version="1.0" encoding="UTF-8"?>
<collection xmlns="http://www.loc.gov/MARC21/slim">
 <record>
  <leader>06200nam a2200541 i 4500</leader>
  <controlfield tag="001">42733</controlfield>
  <controlfield tag="003">BD-DhAAL</controlfield>
  <controlfield tag="005">20240626131950.0</controlfield>
  <controlfield tag="008">240626t2018    maua     b    001 0 eng d</controlfield>
  <datafield tag="010" ind1=" " ind2=" ">
   <subfield code="a">  2017051986</subfield>
  </datafield>
  <datafield tag="020" ind1=" " ind2=" ">
   <subfield code="a">9781633696068</subfield>
  </datafield>
  <datafield tag="040" ind1=" " ind2=" ">
   <subfield code="a">MH/DLC</subfield>
   <subfield code="b">eng</subfield>
   <subfield code="c">MH</subfield>
   <subfield code="e">rda</subfield>
   <subfield code="d">DLC</subfield>
   <subfield code="d">BD-DhAAL</subfield>
  </datafield>
  <datafield tag="042" ind1=" " ind2=" ">
   <subfield code="a">pcc</subfield>
  </datafield>
  <datafield tag="050" ind1="0" ind2="0">
   <subfield code="a">HD62.4</subfield>
   <subfield code="b">.G474 2018</subfield>
  </datafield>
  <datafield tag="082" ind1="0" ind2="0">
   <subfield code="a">658.4012</subfield>
   <subfield code="2">23</subfield>
  </datafield>
  <datafield tag="100" ind1="1" ind2=" ">
   <subfield code="a">Ghemawat, Pankaj,</subfield>
   <subfield code="e">author.</subfield>
   <subfield code="9">56596</subfield>
  </datafield>
  <datafield tag="245" ind1="1" ind2="0">
   <subfield code="a">Redefining global strategy :</subfield>
   <subfield code="b">crossing borders in a world where differences still matter /</subfield>
   <subfield code="c">Pankaj Ghemawat.</subfield>
  </datafield>
  <datafield tag="246" ind1=" " ind2=" ">
   <subfield code="a">Redefining global strategy</subfield>
  </datafield>
  <datafield tag="264" ind1=" " ind2="1">
   <subfield code="a">Boston, Massachusetts :</subfield>
   <subfield code="b">Harvard Business Review Press,</subfield>
   <subfield code="c">2018.</subfield>
  </datafield>
  <datafield tag="300" ind1=" " ind2=" ">
   <subfield code="a">xv, 260 pages :</subfield>
   <subfield code="b">illustrations ;</subfield>
   <subfield code="c">25 cm.</subfield>
  </datafield>
  <datafield tag="500" ind1=" " ind2=" ">
   <subfield code="a">&quot;With a new introduction&quot;--Title page.</subfield>
  </datafield>
  <datafield tag="504" ind1=" " ind2=" ">
   <subfield code="a">Includes bibliographical references and index.</subfield>
  </datafield>
  <datafield tag="505" ind1="0" ind2=" ">
   <subfield code="a">Part one. Value in a world of differences: Semiglobalization and strategy -- Differences across countries--The CAGE distance framework--Global value creation--The adding value scorecard--Part two. Strategies for global value creation: Adaptation--Adjusting to differences--Aggregation--Overcoming differences--Arbitrage--Exploiting differences--Playing the differences--The AAA triangle--Toward a better future--Getting started.</subfield>
  </datafield>
  <datafield tag="520" ind1=" " ind2=" ">
   <subfield code="a">Why do so many global strategies fail--despite companies' powerful brands and other border-crossing advantages? Seduced by market size, the illusion of a borderless, &quot;flat&quot; world, and the allure of similarities, firms launch one-size-fits-all strategies. But cross-border differences are larger than we often assume, explains Pankaj Ghemawat in Redefining Global Strategy, with a New Introduction. Most economic activity--including direct investment, tourism, and communication--happens locally, not internationally. In this &quot;semi-globalized&quot; world, one-size-fits-all strategies don't stand a chance. Companies must instead reckon with cross-border differences. Ghemawat shows you how--by providing tools for: assessing the cultural, administrative, geographic, and economic differences between countries at the industry level and deciding which ones merit attention; tracking the implications of particular border-crossing moves for your company's ability to create value; and creating superior performance with strategies optimized for adaptation (adjusting to differences), aggregation (overcoming differences), and arbitrage (exploiting differences), and for compound objectives. In-depth examples reveal how companies such as Cemex, Toyota, Procter &amp; Gamble, Tata Consultancy Services, IBM, and GE Healthcare have adroitly managed cross-border differences--as well as how other well-known companies have failed at this challenge. Crucial for any business competing across borders, this book will transform the way you approach global strategy.--</subfield>
  </datafield>
  <datafield tag="526" ind1=" " ind2=" ">
   <subfield code="a">BBS</subfield>
  </datafield>
  <datafield tag="541" ind1=" " ind2=" ">
   <subfield code="a">R K Corporation</subfield>
   <subfield code="e">42733, 42734, 42735, 42736, 42737, 42738, 42739, 42740
42741, 42742, 42743, 42744, 42745, 42746, 42747.</subfield>
  </datafield>
  <datafield tag="650" ind1=" " ind2="0">
   <subfield code="a">International business enterprises</subfield>
   <subfield code="x">Management.</subfield>
  </datafield>
  <datafield tag="650" ind1=" " ind2="0">
   <subfield code="a">Strategic planning.</subfield>
  </datafield>
  <datafield tag="650" ind1=" " ind2="0">
   <subfield code="a">Intercultural communication.</subfield>
  </datafield>
  <datafield tag="650" ind1=" " ind2="0">
   <subfield code="a">Business.</subfield>
  </datafield>
  <datafield tag="852" ind1=" " ind2=" ">
   <subfield code="a">Ayesha Abed Library</subfield>
   <subfield code="c">General Stacks</subfield>
  </datafield>
  <datafield tag="942" ind1=" " ind2=" ">
   <subfield code="2">ddc</subfield>
   <subfield code="c">BK</subfield>
  </datafield>
  <datafield tag="999" ind1=" " ind2=" ">
   <subfield code="c">46747</subfield>
   <subfield code="d">46747</subfield>
  </datafield>
  <datafield tag="952" ind1=" " ind2=" ">
   <subfield code="0">0</subfield>
   <subfield code="1">0</subfield>
   <subfield code="2">ddc</subfield>
   <subfield code="4">0</subfield>
   <subfield code="6">658_401200000000000_GHE</subfield>
   <subfield code="7">0</subfield>
   <subfield code="9">75696</subfield>
   <subfield code="a">BRACUL</subfield>
   <subfield code="b">BRACUL</subfield>
   <subfield code="c">GEN</subfield>
   <subfield code="d">2024-06-25</subfield>
   <subfield code="e">R K Corporation</subfield>
   <subfield code="g">2350.00</subfield>
   <subfield code="l">0</subfield>
   <subfield code="o">658.4012 GHE</subfield>
   <subfield code="p">3010042747</subfield>
   <subfield code="r">2024-06-25</subfield>
   <subfield code="t">15</subfield>
   <subfield code="v">2350.00</subfield>
   <subfield code="w">2024-06-25</subfield>
   <subfield code="y">BK</subfield>
  </datafield>
  <datafield tag="952" ind1=" " ind2=" ">
   <subfield code="0">0</subfield>
   <subfield code="1">0</subfield>
   <subfield code="2">ddc</subfield>
   <subfield code="4">0</subfield>
   <subfield code="6">658_401200000000000_GHE</subfield>
   <subfield code="7">0</subfield>
   <subfield code="9">75697</subfield>
   <subfield code="a">BRACUL</subfield>
   <subfield code="b">BRACUL</subfield>
   <subfield code="c">GEN</subfield>
   <subfield code="d">2024-06-25</subfield>
   <subfield code="e">R K Corporation</subfield>
   <subfield code="g">2350.00</subfield>
   <subfield code="l">0</subfield>
   <subfield code="o">658.4012 GHE</subfield>
   <subfield code="p">3010042745</subfield>
   <subfield code="r">2024-06-25</subfield>
   <subfield code="t">13</subfield>
   <subfield code="v">2350.00</subfield>
   <subfield code="w">2024-06-25</subfield>
   <subfield code="y">BK</subfield>
  </datafield>
  <datafield tag="952" ind1=" " ind2=" ">
   <subfield code="0">0</subfield>
   <subfield code="1">0</subfield>
   <subfield code="2">ddc</subfield>
   <subfield code="4">0</subfield>
   <subfield code="6">658_401200000000000_GHE</subfield>
   <subfield code="7">0</subfield>
   <subfield code="9">75698</subfield>
   <subfield code="a">BRACUL</subfield>
   <subfield code="b">BRACUL</subfield>
   <subfield code="c">GEN</subfield>
   <subfield code="d">2024-06-25</subfield>
   <subfield code="e">R K Corporation</subfield>
   <subfield code="g">2350.00</subfield>
   <subfield code="l">0</subfield>
   <subfield code="o">658.4012 GHE</subfield>
   <subfield code="p">3020042738</subfield>
   <subfield code="r">2024-06-25</subfield>
   <subfield code="t">6</subfield>
   <subfield code="v">2350.00</subfield>
   <subfield code="w">2024-06-25</subfield>
   <subfield code="y">BK</subfield>
  </datafield>
  <datafield tag="952" ind1=" " ind2=" ">
   <subfield code="0">0</subfield>
   <subfield code="1">0</subfield>
   <subfield code="2">ddc</subfield>
   <subfield code="4">0</subfield>
   <subfield code="6">658_401200000000000_GHE</subfield>
   <subfield code="7">0</subfield>
   <subfield code="9">75699</subfield>
   <subfield code="a">BRACUL</subfield>
   <subfield code="b">BRACUL</subfield>
   <subfield code="c">GEN</subfield>
   <subfield code="d">2024-06-25</subfield>
   <subfield code="e">R K Corporation</subfield>
   <subfield code="g">2350.00</subfield>
   <subfield code="l">1</subfield>
   <subfield code="m">6</subfield>
   <subfield code="o">658.4012 GHE</subfield>
   <subfield code="p">3010042734</subfield>
   <subfield code="r">2025-12-15</subfield>
   <subfield code="s">2025-11-10</subfield>
   <subfield code="t">2</subfield>
   <subfield code="v">2350.00</subfield>
   <subfield code="w">2024-06-25</subfield>
   <subfield code="y">BK</subfield>
  </datafield>
  <datafield tag="952" ind1=" " ind2=" ">
   <subfield code="0">0</subfield>
   <subfield code="1">0</subfield>
   <subfield code="2">ddc</subfield>
   <subfield code="4">0</subfield>
   <subfield code="6">658_401200000000000_GHE</subfield>
   <subfield code="7">0</subfield>
   <subfield code="9">75700</subfield>
   <subfield code="a">BRACUL</subfield>
   <subfield code="b">BRACUL</subfield>
   <subfield code="c">GEN</subfield>
   <subfield code="d">2024-06-25</subfield>
   <subfield code="e">R K Corporation</subfield>
   <subfield code="g">2350.00</subfield>
   <subfield code="l">0</subfield>
   <subfield code="o">658.4012 GHE</subfield>
   <subfield code="p">3010042746</subfield>
   <subfield code="r">2024-06-25</subfield>
   <subfield code="t">14</subfield>
   <subfield code="v">2350.00</subfield>
   <subfield code="w">2024-06-25</subfield>
   <subfield code="y">BK</subfield>
  </datafield>
  <datafield tag="952" ind1=" " ind2=" ">
   <subfield code="0">0</subfield>
   <subfield code="1">0</subfield>
   <subfield code="2">ddc</subfield>
   <subfield code="4">0</subfield>
   <subfield code="6">658_401200000000000_GHE</subfield>
   <subfield code="7">0</subfield>
   <subfield code="9">75701</subfield>
   <subfield code="a">BRACUL</subfield>
   <subfield code="b">BRACUL</subfield>
   <subfield code="c">GEN</subfield>
   <subfield code="d">2024-06-25</subfield>
   <subfield code="e">R K Corporation</subfield>
   <subfield code="g">2350.00</subfield>
   <subfield code="l">0</subfield>
   <subfield code="o">658.4012 GHE</subfield>
   <subfield code="p">3010042743</subfield>
   <subfield code="r">2024-06-25</subfield>
   <subfield code="t">11</subfield>
   <subfield code="v">2350.00</subfield>
   <subfield code="w">2024-06-25</subfield>
   <subfield code="y">BK</subfield>
  </datafield>
  <datafield tag="952" ind1=" " ind2=" ">
   <subfield code="0">0</subfield>
   <subfield code="1">0</subfield>
   <subfield code="2">ddc</subfield>
   <subfield code="4">0</subfield>
   <subfield code="6">658_401200000000000_GHE</subfield>
   <subfield code="7">0</subfield>
   <subfield code="9">75702</subfield>
   <subfield code="a">BRACUL</subfield>
   <subfield code="b">BRACUL</subfield>
   <subfield code="c">GEN</subfield>
   <subfield code="d">2024-06-25</subfield>
   <subfield code="e">R K Corporation</subfield>
   <subfield code="g">2350.00</subfield>
   <subfield code="l">0</subfield>
   <subfield code="o">658.4012 GHE</subfield>
   <subfield code="p">3010042741</subfield>
   <subfield code="r">2024-06-25</subfield>
   <subfield code="t">9</subfield>
   <subfield code="v">2350.00</subfield>
   <subfield code="w">2024-06-25</subfield>
   <subfield code="y">BK</subfield>
  </datafield>
  <datafield tag="952" ind1=" " ind2=" ">
   <subfield code="0">0</subfield>
   <subfield code="1">0</subfield>
   <subfield code="2">ddc</subfield>
   <subfield code="4">0</subfield>
   <subfield code="6">658_401200000000000_GHE</subfield>
   <subfield code="7">0</subfield>
   <subfield code="9">75703</subfield>
   <subfield code="a">BRACUL</subfield>
   <subfield code="b">BRACUL</subfield>
   <subfield code="c">GEN</subfield>
   <subfield code="d">2024-06-25</subfield>
   <subfield code="e">R K Corporation</subfield>
   <subfield code="g">2350.00</subfield>
   <subfield code="l">1</subfield>
   <subfield code="o">658.4012 GHE</subfield>
   <subfield code="p">3010042740</subfield>
   <subfield code="r">2025-07-24</subfield>
   <subfield code="s">2025-07-18</subfield>
   <subfield code="t">8</subfield>
   <subfield code="v">2350.00</subfield>
   <subfield code="w">2024-06-25</subfield>
   <subfield code="y">BK</subfield>
  </datafield>
  <datafield tag="952" ind1=" " ind2=" ">
   <subfield code="0">0</subfield>
   <subfield code="1">0</subfield>
   <subfield code="2">ddc</subfield>
   <subfield code="4">0</subfield>
   <subfield code="6">658_401200000000000_GHE</subfield>
   <subfield code="7">0</subfield>
   <subfield code="9">75704</subfield>
   <subfield code="a">BRACUL</subfield>
   <subfield code="b">BRACUL</subfield>
   <subfield code="c">GEN</subfield>
   <subfield code="d">2024-06-25</subfield>
   <subfield code="e">R K Corporation</subfield>
   <subfield code="g">2350.00</subfield>
   <subfield code="l">0</subfield>
   <subfield code="o">658.4012 GHE</subfield>
   <subfield code="p">3010042733</subfield>
   <subfield code="r">2024-06-25</subfield>
   <subfield code="t">1</subfield>
   <subfield code="v">2350.00</subfield>
   <subfield code="w">2024-06-25</subfield>
   <subfield code="y">BK</subfield>
  </datafield>
  <datafield tag="952" ind1=" " ind2=" ">
   <subfield code="0">0</subfield>
   <subfield code="1">0</subfield>
   <subfield code="2">ddc</subfield>
   <subfield code="4">0</subfield>
   <subfield code="6">658_401200000000000_GHE</subfield>
   <subfield code="7">0</subfield>
   <subfield code="9">75705</subfield>
   <subfield code="a">BRACUL</subfield>
   <subfield code="b">BRACUL</subfield>
   <subfield code="c">GEN</subfield>
   <subfield code="d">2024-06-25</subfield>
   <subfield code="e">R K Corporation</subfield>
   <subfield code="g">2350.00</subfield>
   <subfield code="l">0</subfield>
   <subfield code="o">658.4012 GHE</subfield>
   <subfield code="p">3010042744</subfield>
   <subfield code="r">2024-06-25</subfield>
   <subfield code="t">12</subfield>
   <subfield code="v">2350.00</subfield>
   <subfield code="w">2024-06-25</subfield>
   <subfield code="y">BK</subfield>
  </datafield>
  <datafield tag="952" ind1=" " ind2=" ">
   <subfield code="0">0</subfield>
   <subfield code="1">0</subfield>
   <subfield code="2">ddc</subfield>
   <subfield code="4">0</subfield>
   <subfield code="6">658_401200000000000_GHE</subfield>
   <subfield code="7">0</subfield>
   <subfield code="9">75706</subfield>
   <subfield code="a">BRACUL</subfield>
   <subfield code="b">BRACUL</subfield>
   <subfield code="c">GEN</subfield>
   <subfield code="d">2024-06-25</subfield>
   <subfield code="e">R K Corporation</subfield>
   <subfield code="g">2350.00</subfield>
   <subfield code="l">0</subfield>
   <subfield code="o">658.4012 GHE</subfield>
   <subfield code="p">3020042737</subfield>
   <subfield code="r">2024-06-25</subfield>
   <subfield code="t">5</subfield>
   <subfield code="v">2350.00</subfield>
   <subfield code="w">2024-06-25</subfield>
   <subfield code="y">BK</subfield>
  </datafield>
  <datafield tag="952" ind1=" " ind2=" ">
   <subfield code="0">0</subfield>
   <subfield code="1">0</subfield>
   <subfield code="2">ddc</subfield>
   <subfield code="4">0</subfield>
   <subfield code="6">658_401200000000000_GHE</subfield>
   <subfield code="7">0</subfield>
   <subfield code="9">75707</subfield>
   <subfield code="a">BRACUL</subfield>
   <subfield code="b">BRACUL</subfield>
   <subfield code="c">GEN</subfield>
   <subfield code="d">2024-06-25</subfield>
   <subfield code="e">R K Corporation</subfield>
   <subfield code="g">2350.00</subfield>
   <subfield code="l">2</subfield>
   <subfield code="m">10</subfield>
   <subfield code="o">658.4012 GHE</subfield>
   <subfield code="p">3010042739</subfield>
   <subfield code="r">2026-05-07</subfield>
   <subfield code="s">2024-10-30</subfield>
   <subfield code="t">7</subfield>
   <subfield code="v">2350.00</subfield>
   <subfield code="w">2024-06-25</subfield>
   <subfield code="y">BK</subfield>
  </datafield>
  <datafield tag="952" ind1=" " ind2=" ">
   <subfield code="0">0</subfield>
   <subfield code="1">0</subfield>
   <subfield code="2">ddc</subfield>
   <subfield code="4">0</subfield>
   <subfield code="6">658_401200000000000_GHE</subfield>
   <subfield code="7">0</subfield>
   <subfield code="9">75708</subfield>
   <subfield code="a">BRACUL</subfield>
   <subfield code="b">BRACUL</subfield>
   <subfield code="c">GEN</subfield>
   <subfield code="d">2024-06-25</subfield>
   <subfield code="e">R K Corporation</subfield>
   <subfield code="g">2350.00</subfield>
   <subfield code="l">0</subfield>
   <subfield code="o">658.4012 GHE</subfield>
   <subfield code="p">3010042742</subfield>
   <subfield code="r">2024-06-25</subfield>
   <subfield code="t">10</subfield>
   <subfield code="v">2350.00</subfield>
   <subfield code="w">2024-06-25</subfield>
   <subfield code="y">BK</subfield>
  </datafield>
  <datafield tag="952" ind1=" " ind2=" ">
   <subfield code="0">0</subfield>
   <subfield code="1">0</subfield>
   <subfield code="2">ddc</subfield>
   <subfield code="4">0</subfield>
   <subfield code="6">658_401200000000000_GHE</subfield>
   <subfield code="7">0</subfield>
   <subfield code="9">75709</subfield>
   <subfield code="a">BRACUL</subfield>
   <subfield code="b">BRACUL</subfield>
   <subfield code="c">GEN</subfield>
   <subfield code="d">2024-06-25</subfield>
   <subfield code="e">R K Corporation</subfield>
   <subfield code="g">2350.00</subfield>
   <subfield code="l">0</subfield>
   <subfield code="o">658.4012 GHE</subfield>
   <subfield code="p">3010042735</subfield>
   <subfield code="r">2024-06-25</subfield>
   <subfield code="t">3</subfield>
   <subfield code="v">2350.00</subfield>
   <subfield code="w">2024-06-25</subfield>
   <subfield code="y">BK</subfield>
  </datafield>
  <datafield tag="952" ind1=" " ind2=" ">
   <subfield code="0">0</subfield>
   <subfield code="1">0</subfield>
   <subfield code="2">ddc</subfield>
   <subfield code="4">0</subfield>
   <subfield code="6">658_401200000000000_GHE</subfield>
   <subfield code="7">0</subfield>
   <subfield code="9">75710</subfield>
   <subfield code="a">BRACUL</subfield>
   <subfield code="b">BRACUL</subfield>
   <subfield code="c">GEN</subfield>
   <subfield code="d">2024-06-25</subfield>
   <subfield code="e">R K Corporation</subfield>
   <subfield code="g">2350.00</subfield>
   <subfield code="l">1</subfield>
   <subfield code="o">658.4012 GHE</subfield>
   <subfield code="p">3010042736</subfield>
   <subfield code="r">2024-11-13</subfield>
   <subfield code="s">2024-11-06</subfield>
   <subfield code="t">4</subfield>
   <subfield code="v">2350.00</subfield>
   <subfield code="w">2024-06-25</subfield>
   <subfield code="y">BK</subfield>
  </datafield>
 </record>
</collection>
